| 000 | 00967nam a22002537a 4500 | ||
|---|---|---|---|
| 005 | 20170124103007.0 | ||
| 010 | _aB-081613 | ||
| 020 |
_c100.00 _a812140326 |
||
| 035 | _aB-081613 | ||
| 037 | _bCen Lib/Ret | ||
| 040 |
_aDPL _bHN |
||
| 082 |
_aउ _bसूर्यबा |
||
| 100 |
_aसूर्यबाला _956446 |
||
| 245 |
_aमेरे संधि-पत्र / _cसूर्यबाला |
||
| 246 |
_aMere sandhi-patra / _bby Suryabala |
||
| 260 |
_aनयी दिल्ली _bनेशनल पब्लिशिंग हाउस _c2003 |
||
| 270 |
_bनयी दिल्ली _a2/35, अंसारी रोड _e110002 |
||
| 300 |
_aix, 105पृ. _c21सेमी (सजिल्द) |
||
| 650 |
_aहिन्दी साहित्य _956447 |
||
| 650 |
_aउपन्यास _956448 |
||
| 650 |
_aHindi literature _956449 |
||
| 650 |
_aFiction _98901 |
||
| 942 |
_2ddc _cHN _hउ _mसूर्यबा |
||
| 999 |
_c114345 _d114345 |
||